Top 500 Baby Boy Names of 2019-USA - Statistics

General Stats
  • This quiz has been taken 6,113 times
  • The average score is 223 of 500
Answer Stats
Rank Hint Answer % Correct
28 J John
94%
4 W William
94%
6 J James
92%
1 L Liam
91%
14 M Michael
91%
19 J Jack
90%
2 N Noah
90%
3 O Oliver
90%
166 A Alex
89%
15 D Daniel
87%
7 B Benjamin
86%
62 E Eli
86%
92 J Jose
86%
87 L Luca
86%
219 L Luka
86%
23 M Matthew
86%
11 A Alexander
85%
27 D David
85%
12 H Henry
85%
293 A Andre
84%
10 E Ethan
84%
17 J Jackson
84%
42 J Jaxon
84%
84 J Jaxson
84%
8 L Lucas
84%
214 L Lukas
84%
32 L Luke
83%
13 J Jacob
82%
22 S Samuel
82%
47 T Thomas
82%
24 J Joseph
81%
40 L Leo
81%
481 A Alijah
80%
5 E Elijah
80%
46 A Andrew
79%
44 C Christopher
79%
223 M Mark
79%
55 N Nathan
79%
76 R Robert
79%
51 C Charles
78%
119 G George
78%
209 L Leon
77%
192 E Edward
76%
78 N Nicholas
76%
182 N Nicolas
76%
54 R Ryan
76%
301 S Sean
76%
426 S Shawn
76%
311 S Stephen
76%
389 J Johnathan
75%
64 J Jonathan
75%
245 P Paul
75%
124 Z Zachary
75%
9 M Mason
74%
21 O Owen
74%
200 S Steven
74%
91 X Xavier
74%
90 A Adam
73%
38 A Anthony
73%
374 J Jay
73%
48 J Joshua
73%
155 J Justin
73%
212 P Peter
73%
57 C Christian
72%
305 C Cristian
72%
104 J Jason
72%
378 J Jayceon
72%
16 L Logan
72%
198 R Richard
72%
61 A Aaron
71%
243 A Aidan
71%
20 A Aiden
71%
114 A Ayden
71%
247 B Brian
71%
255 B Bryan
71%
211 C Charlie
71%
174 D Dean
71%
176 E Eric
71%
277 E Erick
71%
385 E Erik
71%
96 E Evan
71%
34 I Isaac
71%
89 J Jordan
70%
248 L Louis
70%
188 T Timothy
70%
128 T Tyler
70%
267 J Jaden
69%
360 J Jaiden
69%
35 J Jayden
69%
120 L Luis
69%
221 M Marcus
69%
195 T Theo
69%
39 D Dylan
68%
403 F Frank
68%
140 B Brandon
67%
81 I Ian
67%
216 J Jeremy
67%
149 K Kevin
67%
137 M Max
67%
123 N Nathaniel
67%
436 A Allen
66%
295 J Jake
66%
181 A Alan
65%
37 G Gabriel
65%
31 J Julian
65%
86 L Leonardo
65%
36 T Theodore
65%
186 V Victor
65%
262 K Kyle
64%
205 O Oscar
64%
67 C Cameron
63%
292 K Kameron
63%
30 C Carter
62%
390 G Gregory
62%
164 K Karter
62%
281 M Martin
62%
437 P Philip
62%
18 S Sebastian
62%
373 C Conner
61%
68 C Connor
61%
408 C Conor
61%
70 J Jeremiah
61%
206 P Patrick
61%
115 V Vincent
61%
173 E Elliot
60%
160 E Elliott
60%
112 H Harrison
60%
178 A Arthur
59%
249 C Caden
59%
353 C Caiden
59%
266 C Cayden
59%
139 I Ivan
59%
244 K Kaden
59%
143 K Kaiden
59%
97 K Kayden
59%
254 B Bradley
58%
66 H Hunter
58%
29 W Wyatt
58%
169 X Xander
58%
276 Z Zander
58%
52 C Caleb
57%
134 C Carlos
57%
122 C Cole
57%
33 G Grayson
57%
79 G Greyson
57%
213 K Kaleb
57%
25 L Levi
57%
26 M Mateo
57%
179 M Matteo
57%
256 S Simon
57%
239 Z Zane
57%
88 A Austin
56%
53 I Isaiah
56%
141 J Jonah
56%
138 J Juan
56%
191 A Abraham
55%
260 C Colin
55%
383 C Collin
55%
100 K Kai
55%
56 A Adrian
54%
170 A Antonio
54%
125 A Ashton
54%
111 D Damian
54%
282 D Damien
54%
60 E Elias
54%
237 J Jax
54%
152 J Jesus
54%
75 M Miles
54%
144 M Myles
54%
172 F Finn
53%
377 J Johnny
53%
233 K Kenneth
53%
485 L Landen
53%
63 L Landon
53%
98 P Parker
53%
340 Z Zayn
53%
406 Z Zayne
53%
474 A Albert
52%
43 A Asher
52%
189 H Hayden
52%
187 J Joel
52%
278 W Walter
52%
99 W Wesley
52%
284 C Cody
51%
482 F Francis
51%
263 R Riley
51%
183 B Blake
50%
121 C Chase
50%
493 D Derrick
50%
475 F Frederick
50%
127 G Gavin
50%
364 J Jeffrey
50%
201 J Jesse
50%
45 J Josiah
50%
147 M Maxwell
50%
101 B Brayden
49%
80 C Cooper
49%
304 D Derek
49%
153 J Jude
49%
379 M Marco
49%
355 N Nico
49%
417 N Niko
49%
395 N Noel
49%
65 N Nolan
49%
210 C Colt
48%
41 L Lincoln
48%
329 R Raymond
48%
376 A Andy
47%
82 C Carson
47%
85 D Dominic
47%
433 D Dominick
47%
49 E Ezra
47%
197 G Grant
47%
77 J Jameson
47%
435 J Jamison
47%
361 J Jared
47%
270 K Karson
47%
162 M Milo
47%
157 A Abel
46%
171 B Brody
46%
397 C Cade
46%
59 C Colton
46%
375 K Kade
46%
434 K Kolton
46%
323 T Travis
46%
151 T Tristan
46%
103 W Weston
46%
199 A Alejandro
45%
314 A Ali
45%
83 A Axel
45%
273 B Brady
45%
203 B Bryce
45%
348 E Edwin
45%
105 E Emmett
45%
71 E Ezekiel
45%
93 J Jace
45%
440 J Jase
45%
148 J Jayce
45%
177 M Miguel
45%
349 W Warren
45%
500 E Emmitt
44%
50 H Hudson
44%
110 M Micah
44%
73 R Roman
44%
204 A Avery
43%
180 G Graham
43%
470 R Roberto
43%
118 R Rowan
43%
72 A Angel
42%
472 B Bruce
42%
145 C Calvin
42%
422 F Franklin
42%
400 T Trevor
42%
450 A Alexis
41%
94 E Everett
41%
394 E Ezequiel
41%
222 F Felix
41%
287 F Finley
41%
235 J Javier
41%
350 J Julius
41%
217 P Preston
41%
402 Q Quinn
41%
492 C Corey
40%
453 J Jonas
40%
380 S Seth
40%
459 D Damon
39%
74 E Easton
39%
315 E Eduardo
39%
342 E Ellis
39%
345 G Garrett
39%
136 J Jasper
39%
158 K King
39%
297 M Manuel
39%
228 M Maximus
39%
246 O Omar
39%
326 R Ricardo
39%
168 R River
39%
272 T Tobias
39%
384 E Edgar
38%
416 E Emanuel
38%
163 E Emmanuel
38%
404 H Harvey
38%
460 H Hugo
38%
321 M Mario
38%
58 M Maverick
38%
424 S Shane
38%
354 T Tyson
38%
318 A Angelo
37%
167 A August
37%
126 B Braxton
37%
398 P Pedro
37%
386 T Troy
37%
484 Z Zachariah
37%
220 A Andres
36%
207 A Archer
36%
132 B Beau
36%
359 D Devin
36%
367 M Marshall
36%
439 P Payton
36%
298 P Prince
36%
107 S Silas
36%
335 W Wade
36%
372 A Ari
35%
108 B Bennett
35%
130 B Bentley
35%
448 C Callum
35%
159 C Camden
35%
464 D Dexter
35%
463 K Kamden
35%
476 M Mohamed
35%
336 M Muhammad
35%
285 C Chance
34%
283 D Dallas
34%
95 D Declan
34%
240 E Emilio
34%
264 J Jorge
34%
190 J Judah
34%
420 M Mathias
34%
229 M Matias
34%
407 M Matthias
34%
396 P Pablo
34%
358 R Rory
34%
391 R Russell
34%
116 R Ryder
34%
319 S Spencer
34%
327 T Tanner
34%
230 W Walker
34%
154 Z Zion
34%
129 D Diego
33%
268 E Emerson
33%
196 T Tucker
33%
370 W Winston
33%
275 F Francisco
32%
117 K Kingston
32%
156 M Maddox
32%
328 M Malcolm
32%
269 R Ronan
32%
461 R Ronin
32%
106 S Sawyer
32%
317 A Anderson
31%
280 C Cash
31%
274 C Clayton
31%
234 I Israel
31%
290 K Kash
31%
346 R Romeo
31%
224 A Ace
30%
102 B Bryson
30%
386 C Clark
30%
142 G Giovanni
30%
341 H Hector
30%
161 M Malachi
30%
313 M Malakai
30%
252 P Paxton
30%
202 D Dawson
29%
218 E Enzo
29%
288 J Jett
29%
131 A Amir
28%
271 A Arlo
28%
309 A Atticus
28%
347 D Dakota
28%
352 D Donovan
28%
316 F Fernando
28%
338 J Jaylen
28%
330 O Odin
28%
312 O Orion
28%
135 R Ryker
28%
69 S Santiago
28%
113 W Waylon
28%
457 Z Zaiden
28%
194 Z Zayden
28%
467 A Augustus
27%
109 B Brooks
27%
308 D Dante
27%
410 D Dax
27%
480 E Enrique
27%
257 P Phoenix
27%
306 C Cruz
26%
445 E Esteban
26%
393 F Fabian
26%
286 J Jensen
26%
227 R Remington
26%
215 B Beckett
25%
446 D Dalton
25%
369 D Desmond
25%
175 E Emiliano
25%
133 G Gael
25%
413 G Gage
25%
365 I Ismael
25%
332 L Lennox
25%
250 M Maximiliano
25%
427 O Otto
25%
405 P Princeton
25%
261 R Rafael
25%
418 R Ruben
25%
324 R Rylan
25%
289 C Corbin
24%
430 F Finnegan
24%
320 G Gideon
24%
411 G Grady
24%
232 G Griffin
24%
236 K Kyler
24%
146 L Lorenzo
24%
253 N Nash
24%
208 B Barrett
23%
265 B Beckham
23%
299 B Bodhi
23%
412 C Cyrus
23%
498 G Gunnar
23%
294 G Gunner
23%
381 I Ibrahim
23%
479 P Porter
23%
226 A Atlas
22%
469 E Eden
22%
458 H Hank
22%
251 H Holden
22%
388 J Jaxton
22%
259 J Josue
22%
334 K Kane
22%
425 K Kendrick
22%
368 L Lawson
22%
401 R Reed
22%
291 R Reid
22%
165 R Rhett
22%
442 R Rhys
22%
438 T Tate
22%
185 A Adriel
21%
279 D Daxton
21%
258 L Lane
21%
456 M Marcos
21%
193 M Messiah
21%
441 O Oakley
21%
331 C Cesar
20%
337 I Iker
20%
333 J Joaquin
20%
362 K Kason
20%
496 K Kieran
20%
310 K Killian
20%
499 R Rocco
20%
238 A Amari
19%
225 B Brantley
19%
339 C Crew
19%
429 K Keegan
19%
371 N Nehemiah
19%
356 S Sergio
19%
489 T Tatum
19%
491 F Forrest
18%
343 L Leonel
18%
363 M Malik
18%
399 | 415 S Sullivan
18%
184 T Thiago
18%
322 T Titus
18%
303 H Hendrix
17%
473 K Kian
17%
241 K Knox
17%
150 L Legend
17%
490 P Pierce
17%
423 R Remy
17%
462 R Royal
17%
477 A Abram
16%
447 G Gianni
16%
325 K Kayson
16%
451 M Milan
16%
409 S Sterling
16%
242 A Adonis
15%
487 A Appollo
15%
296 H Hayes
15%
495 K Kaison
15%
419 K Kasen
15%
483 L Leonidas
15%
351 M Major
15%
452 M Moises
15%
449 S Sage
15%
444 A Adan
14%
466 A Alonzo
14%
428 A Armani
14%
344 C Cairo
14%
366 E Elian
14%
494 I Isaias
14%
307 K Kairo
14%
302 K Khalil
14%
231 K Kyrie
14%
478 O Omari
14%
392 R Royce
14%
455 C Colson
13%
421 K Kashton
13%
414 L Leland
13%
454 U Uriel
13%
471 B Baker
12%
300 C Cohen
12%
465 L Luciano
12%
382 R Raiden
12%
486 W Wilder
12%
432 B Bowen
11%
443 K Kyson
11%
431 M Memphis
11%
357 N Nasir
10%
497 A Arjun
9%
488 S Santino
9%
468 K Kamari
6%
No matching quizzes found
Score Distribution
Percent of People with Each Score
Percentile by Number Answered
Your Score History
You have not taken this quiz